[Event "ICS Rated blitz match"]
[Site "204.178.125.65"]
[Date "2000.02.13"]
[Round "?"]
[White "Hossa"]
[Black "GKJunior"]
[Result "1/2-1/2"]
[WhiteElo "2416"]
[BlackElo "2412"]
[PlyCount "331"]

1. e4 e6 2. d4 d5 3. Nc3 Bb4 4. e5 c5 5. a3 Ba5 6. b4 cxb4 7. Nb5 bxa3+ 8. c3
a2 9. Rxa2 Nc6 10. Ra3 Kf8 11. Nf3 a6 12. Nd6 f6 13. Qb3 b5 14. Nxc8 Rxc8 15.
exf6 Nxf6 16. Ra1 Ne7 17. Bb2 Ne4 18. Qa3 Bxc3+ 19. Bxc3 Rxc3 20. Qxa6 Qc7 21.
Qa8+ Nc8 22. Be2 Rc1+ 23. Rxc1 Qxc1+ 24. Bd1 Qc3+ 25. Kf1 Qd3+ 26. Ke1 Qc3+ 27.
Kf1 Qc4+ 28. Ke1 Qb4+ 29. Kf1 Qc4+ 30. Ke1 b4 31. Qb7 Qc3+ 32. Kf1 Qd3+ 33. Ke1
Qc4 34. Rg1 Qc3+ 35. Kf1 Qc4+ 36. Ke1 Ncd6 37. Qb8+ Ne8 38. Qf4+ Kg8 39. Qe3
N8d6 40. Ne5 Qa2 41. f3 Nf5 42. Qe2 Qxe2+ 43. Kxe2 Nc3+ 44. Kd3 Ne7 45. Bb3 g5
46. Ra1 Nb5 47. Ra4 Nf5 48. Rxb4 Nbd6 49. g4 Ne7 50. Rb6 Nec8 51. Rb8 Kg7 52.
Ba4 Kf6 53. Bd7 Ke7 54. Ke3 Nc4+ 55. Nxc4 Kxd7 56. Ne5+ Kc7 57. Rb2 Rf8 58.
Rc2+ Kd8 59. h4 gxh4 60. Rh2 Rg8 61. Rxh4 Rg7 62. Rh6 Ke7 63. Rh2 Nd6 64. Rc2
Ne8 65. f4 Kf6 66. g5+ Ke7 67. Kd3 Kf8 68. Rc6 Re7 69. Rb6 Kg8 70. Rb8 Kf8 71.
Ra8 Rb7 72. Kc3 Ke7 73. Kc2 Rc7+ 74. Kd3 Kf8 75. Kd2 Ke7 76. Ke1 Kf8 77. Ke2
Rb7 78. Kd2 Rb2+ 79. Kc3 Rf2 80. Kd3 Rf1 81. Ng4 Ke7 82. Ra7+ Kf8 83. Rxh7 Rf3+
84. Kc2 Rxf4 85. Ne5 Kg8 86. Rh8+ Kxh8 87. Ng6+ Kg8 88. Nxf4 Kf7 89. Kc3 Nd6
90. Kb4 Ke7 91. Ng6+ Kf7 92. Nf4 Nf5 93. Kc5 Ke7 94. Ng6+ Ke8 95. Ne5 Kd8 96.
Nf3 Ke8 97. Kb4 Kf8 98. Kc3 Kg7 99. Ne5 Nd6 100. Kd3 Ne4 101. g6 Nd6 102. Kc2
Nf5 103. Kd3 Ne7 104. Ke3 Nxg6 105. Ng4 Nh4 106. Ne5 Ng6 107. Ng4 Kf7 108. Ke2
Kg8 109. Kd3 Kf7 110. Ke2 Nf4+ 111. Kf3 Nd3 112. Ke2 Nc1+ 113. Kd2 Nb3+ 114.
Kc3 Na5 115. Ne5+ Kg8 116. Kd3 Nb7 117. Kc3 Nd6 118. Kb4 Ne4 119. Kb3 Nd6 120.
Kb4 Kf8 121. Kc3 Nb5+ 122. Kd3 Kg8 123. Nc6 Kf8 124. Ne5 Ke7 125. Ke3 Kf6 126.
Nc6 Nd6 127. Ne5 Ke7 128. Ng6+ Kf7 129. Ne5+ Kf8 130. Ke2 Nf5 131. Kd3 Nd6 132.
Kc3 Ke8 133. Kb4 Ke7 134. Kc5 Nf7 135. Ng6+ Kf6 136. Nf4 Ng5 137. Nxd5+ exd5
138. Kxd5 Ke7 139. Ke5 Nf7+ 140. Ke4 Nd6+ 141. Kd5 Kd7 142. Ke5 Nc4+ 143. Kd5
Nb2 144. Ke5 Nd3+ 145. Ke4 Nf2+ 146. Ke3 Nd1+ 147. Ke4 Nc3+ 148. Kd3 Nd5 149.
Ke4 Ke6 150. Kd3 Kd6 151. Ke4 Ke6 152. Kd3 Kd7 153. Ke4 Kd6 154. Kd3 Ke7 155.
Ke4 Nc3+ 156. Kd3 Nd5 157. Ke4 Nc3+ 158. Kd3 Nb5 159. d5 Nd6 160. Kd4 Ke8 161.
Ke5 Ke7 162. Kd4 Ke8 163. Ke5 Kd7 164. Kd4 Kc8 165. Ke5 Kd7 166. Kd4 1/2-1/2

[Event "ICS rated blitz match"]
[Site "204.178.125.65"]
[Date "2000.02.13"]
[Round "?"]
[White "Tinker"]
[Black "Hossa"]
[Result "1-0"]
[WhiteElo "2401"]
[BlackElo "2416"]
[PlyCount "141"]

1. e4 e5 2. Nf3 Nc6 3. Bb5 Nf6 4. Bxc6 dxc6 5. O-O Bg4 6. d3 Bd6 7. Be3 O-O 8.
Nbd2 Qe7 9. Nc4 Qe6 10. Nxd6 cxd6 11. c4 d5 12. cxd5 cxd5 13. Ng5 Bxd1 14. Nxe6
fxe6 15. Rfxd1 dxe4 16. dxe4 Nxe4 17. Rac1 Rf7 18. Rc4 Nf6 19. Rd6 Re8 20. Rc2
a6 21. Rc4 Nd5 22. Rc1 Nxe3 23. fxe3 h5 24. Rc5 Ref8 25. h3 Rf1+ 26. Kh2 R1f2
27. Rxe5 Rxb2 28. Rdxe6 Rff2 29. Re8+ Kh7 30. Rg5 g6 31. Re6 Rxa2 32. Rexg6 b5
33. h4 Rf7 34. Rb6 Re7 35. Rxh5+ Kg7 36. Rg5+ Kh7 37. Rd5 Ra1 38. e4 Kg7 39. e5
Ra4 40. g3 Ra1 41. h5 Kh7 42. Rdd6 Re1 43. Rh6+ Kg7 44. Rhg6+ Kh7 45. e6 Rc7
46. g4 Re2+ 47. Kh3 Ra2 48. Kh4 Ra1 49. Rf6 Kg7 50. Rf4 Re1 51. Rxa6 Re2 52.
Rf5 Kh7 53. Rxb5 Rh2+ 54. Kg3 Rhc2 55. Rab6 Rc1 56. g5 Rg1+ 57. Kf2 Rgc1 58.
Rb7 Kg7 59. h6+ Kg6 60. e7 Rc8 61. h7 Re8 62. Rb8 Rc2+ 63. Ke3 Rc3+ 64. Kd4 Rc1
65. Rxe8 Rd1+ 66. Kc3 Rh1 67. h8=Q Rxh8 68. Rxh8 Kg7 69. Rg8+ Kh7 70. Rb7 Kxg8
71. e8=Q# 1-0

[Event "ICS rated blitz match"]
[Site "204.178.125.65"]
[Date "2000.02.13"]
[Round "?"]
[White "OddChess"]
[Black "Hossa"]
[Result "1/2-1/2"]
[WhiteElo "2193"]
[BlackElo "2399"]
[PlyCount "90"]

1. d4 d5 2. Nf3 Nf6 3. e3 e6 4. Bd3 c5 5. c3 Be7 6. O-O O-O 7. c4 Nc6 8. Nc3
cxd4 9. exd4 dxc4 10. Bxc4 b6 11. Bf4 Bb7 12. Re1 Rc8 13. Bb5 Nd5 14. Bg3 Ncb4
15. Qd2 Nxc3 16. bxc3 Bxf3 17. cxb4 Ba8 18. f3 Bf6 19. Rad1 Bb7 20. Be5 Bg5 21.
Qd3 Qd5 22. Re2 Be7 23. a3 Rfd8 24. Kh1 Bd6 25. Kg1 Rc7 26. Re3 Rdc8 27. Ba4
Bxe5 28. dxe5 Rc1 29. Rxc1 Rxc1+ 30. Kf2 Bc6 31. Bxc6 Rxc6 32. Qxd5 exd5 33.
Rd3 Kf8 34. Rxd5 Rc2+ 35. Kg3 Ke7 36. Rd3 h6 37. f4 g5 38. Rd6 Ra2 39. Rxh6
Rxa3+ 40. Kg4 gxf4 41. Rf6 Ra2 42. Kf3 Ra3+ 43. Kg4 Ra2 44. Kh3 Ra3+ 45. Kg4
Ra2 1/2-1/2

[Event "ICS rated blitz match"]
[Site "204.178.125.65"]
[Date "2000.02.13"]
[Round "?"]
[White "Hossa"]
[Black "OddChess"]
[Result "0-1"]
[WhiteElo "2398"]
[BlackElo "2245"]
[PlyCount "98"]

1. e4 c5 2. Nf3 d6 3. d4 cxd4 4. Nxd4 Nf6 5. Nc3 a6 6. Bg5 e6 7. f4 Qc7 8. Qf3
Nbd7 9. g3 b5 10. Bd3 Be7 11. O-O Qb6 12. Bxf6 Nxf6 13. Nce2 e5 14. fxe5 dxe5
15. Qf2 Bh3 16. Nb3 Bd8 17. Kh1 Bxf1 18. Qxf1 O-O 19. Qf3 Be7 20. Nc3 Rac8 21.
a4 b4 22. Nd5 Nxd5 23. exd5 Qd6 24. c4 bxc3 25. bxc3 f5 26. c4 e4 27. Bxe4 fxe4
28. Qxe4 Qf6 29. Rg1 Qf3+ 30. Qxf3 Rxf3 31. Nd4 Rc3 32. Nc6 Bf6 33. Rb1 Rxc4
34. a5 Re8 35. h3 Rc5 36. Rd1 Re3 37. Nb4 Rxa5 38. Nc6 Rc5 39. h4 Rxg3 40. Rb1
Rxd5 41. Rb8+ Kf7 42. Rb6 Rd1+ 43. Kh2 Ra3 44. Rb7+ Kg6 45. Rd7 Rxd7 46. Nd4
Rxd4 47. Kg1 Ra2 48. h5+ Kxh5 49. Kf1 Rd1# 0-1

[Event "ICS rated standard match"]
[Site "204.178.125.65"]
[Date "2000.02.13"]
[Round "?"]
[White "bookbuilder"]
[Black "Hossa"]
[Result "1/2-1/2"]
[WhiteElo "2655"]
[BlackElo "2305"]
[PlyCount "150"]

1. e4 e5 2. Nf3 Nc6 3. Nc3 Nf6 4. Ng1 Bb4 5. Nf3 Bxc3 6. dxc3 Nxe4 7. Bb5 O-O
8. O-O d6 9. Qe2 Bf5 10. Bd3 d5 11. c4 Nd4 12. Qe3 Nxf3+ 13. gxf3 Nd6 14. Bxf5
Nxf5 15. Qxe5 Nh4 16. Qxd5 Qf6 17. Kh1 c6 18. Qe4 Rfe8 19. Qf4 Qxf4 20. Bxf4
Re2 21. Rac1 Nxf3 22. Kg2 Nd4 23. Rfd1 Re4 24. Be3 Nf5 25. Kf3 Rxc4 26. Rd7 b5
27. c3 Nxe3 28. fxe3 Ra4 29. Rcd1 g5 30. a3 Re8 31. R1d4 Rxd4 32. cxd4 a5 33.
d5 cxd5 34. Rxd5 f6 35. Rxb5 a4 36. Rb4 Ra8 37. e4 h5 38. e5 fxe5 39. Ke4 Kg7
40. Kf5 e4 41. Kxe4 Rf8 42. Ke3 Re8+ 43. Kd3 Ra8 44. h3 Kf6 45. Ke4 Ra6 46. Rc4
Ra7 47. Rc6+ Kg7 48. Rb6 Ra8 49. Kf5 Ra5+ 50. Ke4 Ra8 51. b4 axb3 52. Rxb3 g4
53. hxg4 hxg4 54. Kf5 Ra4 55. Kg5 Kf7 56. Re3 Kf8 57. Rd3 Ke7 58. Kf5 Ke8 59.
Rc3 Kd7 60. Rg3 Kd6 61. Rxg4 Rxg4 62. Kxg4 Ke5 63. a4 Ke4 64. a5 Kd5 65. Kg5
Kd6 66. a6 Kc7 67. Kf6 Kc8 68. Ke6 Kb8 69. a7+ Ka8 70. Kf7 Kb7 71. Kg8 Ka8 72.
Kh7 Kb7 73. Kh8 Ka8 74. Kh7 Kb7 75. a8=Q+ Kxa8 1/2-1/2

[Event "ICS rated blitz match"]
[Site "204.178.125.65"]
[Date "2000.02.13"]
[Round "?"]
[White "Mihajlov"]
[Black "Hossa"]
[Result "0-1"]
[WhiteElo "2208"]
[BlackElo "2394"]
[PlyCount "66"]

1. e4 e5 2. Nc3 Nf6 3. g3 Bc5 4. Bg2 O-O 5. d3 Re8 6. h3 d6 7. Na4 Bb6 8. Ne2
Ba5+ 9. Nac3 d5 10. O-O dxe4 11. Nxe4 Nxe4 12. dxe4 Be6 13. b3 Qc8 14. c4 Bxh3
15. Be3 Nc6 16. a3 Rd8 17. Qc1 Qg4 18. f3 Qd7 19. b4 Bxg2 20. Kxg2 Bxb4 21.
axb4 Nxb4 22. Rd1 Qe8 23. Qc3 Rxd1 24. Rxd1 a5 25. Nc1 b6 26. c5 bxc5 27. Bxc5
Nc6 28. Nd3 Qe6 29. Ba3 Qf6 30. Rc1 Nd4 31. Nxe5 Qxe5 32. Bb2 Rb8 33. Qxd4
Rxb2+ 0-1

[Event "ICS rated blitz match"]
[Site "204.178.125.65"]
[Date "2000.02.13"]
[Round "?"]
[White "Hossa"]
[Black "Mihajlov"]
[Result "1-0"]
[WhiteElo "2402"]
[BlackElo "2200"]
[PlyCount "39"]

1. e4 c5 2. Nf3 a6 3. c4 Nc6 4. d4 cxd4 5. Nxd4 e5 6. Nf5 d5 7. cxd5 Bxf5 8.
exf5 Nd4 9. Nc3 Ne7 10. Bf4 f6 11. Qh5+ Kd7 12. O-O-O Nexf5 13. g4 Nd6 14. Be3
N4b5 15. Na4 Ke7 16. Nb6 Rb8 17. Bxb5 axb5 18. g5 f5 19. g6 f4 20. Qxe5# 1-0

[Event "ICS rated blitz match"]
[Site "204.178.125.65"]
[Date "2000.02.13"]
[Round "?"]
[White "Amateur"]
[Black "Hossa"]
[Result "1-0"]
[WhiteElo "2385"]
[BlackElo "2410"]
[PlyCount "165"]

1. c4 e5 2. Nc3 Nf6 3. Nf3 Nc6 4. d4 exd4 5. Nxd4 Bb4 6. Bg5 h6 7. Nxc6 Bxc3+
8. bxc3 bxc6 9. Bh4 Qe7 10. Qd4 c5 11. Bxf6 gxf6 12. Qd2 Rb8 13. e3 Qe4 14. f3
Qe6 15. Bd3 Ba6 16. Qe2 Qe5 17. Rc1 Rb6 18. O-O f5 19. a4 Rg8 20. f4 Qg7 21.
Rf2 Qg4 22. Qc2 Qh3 23. Re1 Rf6 24. e4 fxe4 25. Bxe4 Kd8 26. Rb1 Rb6 27. Bd5
Qh5 28. a5 Rxb1+ 29. Qxb1 Ke7 30. Qe1+ Kf6 31. Rf3 Qf5 32. Qh4+ Kg7 33. Qe7 Rb8
34. Bxf7 Kh8 35. Rf1 Bb7 36. g3 Qe4 37. Qxe4 Bxe4 38. Re1 Kg7 39. Be6 dxe6 40.
Rxe4 Rb1+ 41. Kg2 Kf7 42. Re5 Rd1 43. Rxc5 Rd7 44. Rc6 Kf6 45. c5 Rd3 46. Rxc7
Rxc3 47. a6 h5 48. Kh3 Rc2 49. Rxa7 Rxc5 50. Rb7 Ra5 51. a7 Ra2 52. g4 Kg6 53.
Kg3 Ra1 54. h3 hxg4 55. hxg4 Ra3+ 56. Kh4 Ra4 57. Re7 Kf6 58. Rc7 Kg6 59. Rd7
Ra1 60. Kg3 Ra3+ 61. Kg2 Ra2+ 62. Kf3 Ra5 63. Ke4 Kh6 64. Rb7 Kg6 65. g5 Kh5
66. Rg7 Kh4 67. Rh7+ Kg3 68. g6 Ra4+ 69. Ke5 Ra5+ 70. Kf6 Rf5+ 71. Kxe6 Ra5 72.
g7 Ra6+ 73. Kd5 Ra5+ 74. Kc6 Ra6+ 75. Kb5 Rg6 76. f5 Rg5 77. a8=Q Kf4 78. Qd5
Kg3 79. Qe4 Rg6 80. fxg6 Kf2 81. Rh2+ Kg3 82. Rg2+ Kh3 83. Qg4# 1-0

[Event "ICS rated blitz match"]
[Site "204.178.125.65"]
[Date "2000.02.13"]
[Round "?"]
[White "Hossa"]
[Black "Tinker"]
[Result "1-0"]
[WhiteElo "2371"]
[BlackElo "2333"]
[PlyCount "89"]

1. e4 e5 2. Nf3 Nf6 3. Nxe5 Qe7 4. d4 d6 5. Nf3 Qxe4+ 6. Be2 Bf5 7. c4 Be7 8.
Nc3 Qc2 9. Qxc2 Bxc2 10. O-O O-O 11. Re1 Re8 12. Be3 Bf5 13. Nh4 Bd7 14. Bd3
Nc6 15. Nf3 Nb4 16. Bb1 Ng4 17. Bf4 Nf6 18. a3 Na6 19. b4 c6 20. Ra2 d5 21.
Rae2 Bf8 22. Rxe8 Rxe8 23. Rxe8 Bxe8 24. b5 cxb5 25. cxb5 Nc5 26. dxc5 Bxc5 27.
a4 Bb4 28. Be5 Bxc3 29. Bxc3 Bd7 30. Bxf6 gxf6 31. Nd4 Be6 32. Bf5 Bxf5 33.
Nxf5 Kf8 34. f4 Ke8 35. Nd6+ Kd7 36. Nxb7 Kc7 37. Nc5 Kb6 38. Nb3 Kc7 39. Kf2
Kd7 40. Ke3 Kd6 41. Kd4 h5 42. Nc5 f5 43. h4 Kc7 44. a5 Kd6 45. b6 1-0

[Event "ICS rated blitz match"]
[Site "204.178.125.65"]
[Date "2000.02.13"]
[Round "?"]
[White "buzdovan"]
[Black "Hossa"]
[Result "0-1"]
[WhiteElo "2074"]
[BlackElo "2385"]
[PlyCount "80"]

1. e4 e5 2. Bc4 Nf6 3. Qe2 Bc5 4. Nf3 d6 5. c3 Nc6 6. b4 Bb6 7. a4 a6 8. a5 Ba7
9. d3 O-O 10. Bg5 Be6 11. Bd5 Bxd5 12. exd5 Nb8 13. Nbd2 Nbd7 14. Ne4 h6 15.
Bxf6 Nxf6 16. Nxf6+ Qxf6 17. O-O Rac8 18. Nd2 Qf5 19. Ne4 Qf4 20. g3 Qf5 21.
Kg2 Rce8 22. f4 exf4 23. Rxf4 Qxd5 24. Qf3 Qe6 25. Rf1 d5 26. Nc5 Qe2+ 27. Qxe2
Rxe2+ 28. R1f2 Re7 29. d4 Bxc5 30. bxc5 Rfe8 31. Rb2 c6 32. Kf2 Kh7 33. Rf3 h5
34. h4 Kg6 35. Rd3 f6 36. Kf3 Kf5 37. Kf2 Kg4 38. Rf3 Re4 39. Rd3 f5 40. Rxb7
Re2+ 0-1

[Event "ICS rated standard match"]
[Site "204.178.125.65"]
[Date "2000.02.13"]
[Round "?"]
[White "Hossa"]
[Black "DrHuebner"]
[Result "0-1"]
[WhiteElo "2317"]
[BlackElo "2251"]
[PlyCount "52"]

1. e4 c5 2. Nf3 d6 3. d4 cxd4 4. Nxd4 Nf6 5. Nc3 Nc6 6. Be3 e6 7. Bb5 Qc7 8.
Ba4 a6 9. O-O b5 10. Bb3 Na5 11. Qd3 Nxb3 12. axb3 Bb7 13. f3 b4 14. Na2 d5 15.
exd5 Nxd5 16. Bf2 Bd6 17. g3 O-O 18. c4 Ne7 19. f4 Nf5 20. Nf3 Rfd8 21. Qe2 Qc6
22. Kg2 Bc5 23. Bg1 Bxg1 24. Kxg1 Nd4 25. Qd3 a5 26. Nxb4 axb4 0-1

[Event "ICS rated standard match"]
[Site "204.178.125.65"]
[Date "2000.02.13"]
[Round "?"]
[White "Tinker"]
[Black "Hossa"]
[Result "1-0"]
[WhiteElo "2328"]
[BlackElo "2300"]
[PlyCount "149"]

1. e4 e5 2. Nf3 Nc6 3. Bb5 Nf6 4. Bxc6 dxc6 5. O-O Bg4 6. h3 Bh5 7. d3 Bd6 8.
Nbd2 O-O 9. Nc4 Qe7 10. Bd2 b6 11. Nxd6 cxd6 12. Bg5 Qe6 13. Qe2 Nd7 14. Qe3 a6
15. c4 f6 16. Bh4 f5 17. Ng5 Qg6 18. exf5 Qxf5 19. Ne4 d5 20. cxd5 cxd5 21. Be7
dxe4 22. Bxf8 Rxf8 23. dxe4 Qf4 24. Qxf4 Rxf4 25. f3 Kf7 26. Kf2 Nc5 27. Ke3
Ke6 28. b4 Nb7 29. g3 Rf6 30. Rac1 Nd6 31. Rc7 Rf7 32. Rxf7 Bxf7 33. Rf2 Kf6
34. Rc2 Nc4+ 35. Kd3 b5 36. f4 h5 37. h4 Bg6 38. Rc3 Be8 39. Rc1 Bd7 40. a4 Be6
41. axb5 axb5 42. Ra1 Bc8 43. Ra7 g6 44. fxe5+ Nxe5+ 45. Ke3 g5 46. hxg5+ Kxg5
47. Rc7 Bd7 48. Kd4 Kf6 49. Rc5 Nf3+ 50. Kd5 Be8 51. Kd6 Nd4 52. Rd5 Ne2 53.
e5+ Kg7 54. e6 Nc3 55. Rg5+ Bg6 56. Kd7 Ne4 57. Rxb5 Nxg3 58. e7 Ne4 59. Ra5
Nf6+ 60. Kd8 h4 61. b5 h3 62. Ra1 Bf7 63. b6 Bd5 64. Rg1+ Kh7 65. Rf1 h2 66.
Rxf6 Kg7 67. e8=Q Kxf6 68. b7 h1=Q 69. b8=Q Qe4 70. Qd6+ Be6 71. Qde7+ Ke5 72.
Qxe6+ Kd4 73. Qxe4+ Kc3 74. Q8a4 Kd2 75. Qac2# 1-0

[Event "ICS rated standard match"]
[Site "204.178.125.65"]
[Date "2000.02.13"]
[Round "?"]
[White "Hossa"]
[Black "Tinker"]
[Result "1-0"]
[WhiteElo "2285"]
[BlackElo "2343"]
[PlyCount "165"]

1. e4 e5 2. Nf3 Nf6 3. Nxe5 Qe7 4. d4 d6 5. Nf3 Qxe4+ 6. Be2 Be7 7. O-O O-O 8.
Re1 Qf5 9. Bd3 Qd7 10. Bg5 Nc6 11. c4 Re8 12. Nc3 Nb4 13. Bb1 Nc6 14. d5 Nb4
15. a3 Na6 16. Qc2 g6 17. Ba2 Qd8 18. Qe2 Bf5 19. Qe3 Nc5 20. Bb1 Bxb1 21.
Raxb1 Ncd7 22. Re2 Qc8 23. Qd4 Bd8 24. Rbe1 Rxe2 25. Rxe2 a5 26. Qh4 h5 27. Qf4
Kf8 28. Nb5 Kg7 29. Qd4 Kf8 30. g3 Kg8 31. Qf4 Kf8 32. Re1 Kg8 33. Bh4 Kg7 34.
Kh1 Ng4 35. Re8 Ndf6 36. Bxf6+ Nxf6 37. Qd4 c5 38. Qc3 Qd7 39. Re1 a4 40. Rd1
Kg8 41. Qc1 Ng4 42. Rf1 Bf6 43. Qc2 Kf8 44. Kg1 Nh6 45. Nd2 Ng4 46. Ne4 Be5 47.
Qd2 h4 48. f4 hxg3 49. hxg3 Bg7 50. Nexd6 Bd4+ 51. Nxd4 Qxd6 52. Nb5 Qd7 53. f5
gxf5 54. Qf4 Qe8 55. Nc3 Ra6 56. Rc1 Rh6 57. Rb1 Rh3 58. d6 Qc6 59. Nd5 Rh2 60.
Re1 Rf2 61. d7 Qxd7 62. Qb8+ Kg7 63. Re8 Qxe8 64. Qxe8 Rxb2 65. Qxa4 Rb1+ 66.
Kg2 Rb2+ 67. Kf1 Nh2+ 68. Ke1 Nf3+ 69. Kd1 Rb1+ 70. Kc2 Rg1 71. Nf4 Kh6 72. Qe8
Rxg3 73. Qe7 Nd4+ 74. Kb2 Rg4 75. Qf6+ Kh7 76. Qxf7+ Rg7 77. Qf8 b6 78. Qf6 Kg8
79. Qxb6 Re7 80. Qxc5 Re4 81. Nh5 Kf7 82. Ng3 Rg4 83. Ne2 1-0

[Event "ICS rated blitz match"]
[Site "204.178.125.65"]
[Date "2000.02.13"]
[Round "?"]
[White "Hossa"]
[Black "lwalter"]
[Result "1-0"]
[WhiteElo "2390"]
[BlackElo "2215"]
[PlyCount "47"]

1. e4 c5 2. Nf3 d6 3. d4 cxd4 4. Nxd4 Nf6 5. Nc3 a6 6. Bg5 e6 7. f4 Be7 8. Qf3
Qc7 9. O-O-O h6 10. Bxf6 Bxf6 11. Qd3 Be7 12. Be2 Nc6 13. g4 Bd7 14. Nxc6 Bxc6
15. Rhf1 Rc8 16. f5 O-O 17. Kb1 Bb5 18. Nxb5 axb5 19. fxe6 fxe6 20. Qb3 Kh8 21.
Bd3 Bf6 22. Qxe6 b4 23. Qf5 Ra8 24. e5 1-0

[Event "ICS rated blitz match"]
[Site "204.178.125.65"]
[Date "2000.02.13"]
[Round "?"]
[White "Beadle"]
[Black "Hossa"]
[Result "0-1"]
[WhiteElo "2619"]
[BlackElo "2399"]
[PlyCount "90"]

1. e4 e5 2. Nf3 Nc6 3. Bb5 Nf6 4. O-O Bc5 5. Nxe5 Nd4 6. Bc4 Qe7 7. Nxf7 d5 8.
Nxh8 Bg4 9. f3 Nxf3+ 10. Kh1 Nxh2 11. Bb5+ c6 12. Qe1 Nxf1 13. d4 Nxe4 14. Bxf1
Bd6 15. Ng6 hxg6 16. Kg1 Bg3 17. Qxg3 Nxg3 18. Bf4 Qb4 19. Bxg3 Qxb2 20. Bf2
Qxa1 21. Nd2 Qxa2 22. Bd3 Bf5 23. Nf3 Bxd3 24. cxd3 Qb1+ 25. Kh2 Qxd3 26. Ne5
Qe2 27. Kg3 c5 28. Nf3 c4 29. Be1 a5 30. Bc3 b5 31. Kh2 b4 32. Bd2 b3 33. Bc3
Qc2 34. Ba1 Qc1 35. Bb2 Qxb2 36. Kg3 a4 37. Kh3 c3 38. Ne5 Qf2 39. Ng4 Qxd4 40.
Nh2 Qe3+ 41. g3 O-O-O 42. Kg2 Qe2+ 43. Kh1 b2 44. Kg1 b1=Q+ 45. Nf1 Qbxf1# 0-1

[Event "ICS rated standard match"]
[Site "204.178.125.65"]
[Date "2000.02.13"]
[Round "?"]
[White "camira"]
[Black "Hossa"]
[Result "0-1"]
[WhiteElo "2075"]
[BlackElo "2304"]
[PlyCount "38"]

1. e4 e5 2. Nf3 Nc6 3. d4 exd4 4. Bc4 Nf6 5. e5 Ng4 6. Qe2 Qe7 7. Bf4 Qb4+ 8.
c3 d3 9. Qe4 Qxb2 10. O-O Qxa1 11. Ng5 Bc5 12. Bxf7+ Ke7 13. Qf5 Nxf2 14. Nd2
Qxc3 15. Rxf2 Nd4 16. Qg4 Ne2+ 17. Kh1 Bxf2 18. h3 Qc1+ 19. Kh2 Qg1# 0-1

[Event "ICS rated standard match"]
[Site "204.178.125.65"]
[Date "2000.02.13"]
[Round "?"]
[White "Hossa"]
[Black "camira"]
[Result "1-0"]
[WhiteElo "2305"]
[BlackElo "2035"]
[PlyCount "53"]

1. e4 e6 2. d4 d5 3. Nc3 Bb4 4. e5 c5 5. a3 Bxc3+ 6. bxc3 Ne7 7. Qg4 Kf8 8. Bd3
cxd4 9. cxd4 Qc7 10. Ne2 b6 11. Bg5 Ba6 12. O-O Bxd3 13. Bxe7+ Qxe7 14. cxd3
Qc7 15. Rfc1 Qb7 16. f4 g6 17. Qg5 Nc6 18. Qh6+ Ke7 19. Ra2 Rac8 20. Rac2 a6
21. f5 exf5 22. Qg7 Na7 23. Qf6+ Kf8 24. Rxc8+ Nxc8 25. Rxc8+ Qxc8 26. Qxh8+
Ke7 27. Qxc8 1-0

[Event "ICS rated standard match"]
[Site "204.178.125.65"]
[Date "2000.02.13"]
[Round "?"]
[White "wagan"]
[Black "Hossa"]
[Result "1/2-1/2"]
[WhiteElo "2170"]
[BlackElo "2306"]
[PlyCount "89"]

1. d4 d5 2. c4 e6 3. Nc3 Nf6 4. Nf3 Bb4 5. cxd5 exd5 6. Bg5 h6 7. Bxf6 Qxf6 8.
Qb3 Qd6 9. e3 O-O 10. Bd3 c6 11. O-O Nd7 12. a3 Ba5 13. Qc2 Nf6 14. b4 Bc7 15.
Rfc1 a6 16. h3 Qe6 17. Na4 Qe7 18. Rab1 Ne4 19. Nc5 Ng5 20. Nd2 Qd6 21. f4 Ne6
22. Nf3 Qe7 23. Re1 a5 24. Ne5 Re8 25. Bh7+ Kh8 26. Bf5 axb4 27. axb4 Qf6 28.
Ned7 Bxd7 29. Nxd7 Qh4 30. Ne5 Bxe5 31. dxe5 Qg3 32. b5 Ra3 33. bxc6 Rxe3 34.
Rxe3 Qxe3+ 35. Kh1 bxc6 36. Qxc6 Rd8 37. Bxe6 fxe6 38. Qxe6 Qxf4 39. Qe7 Rc8
40. Qd6 d4 41. Rb8 Qf1+ 42. Kh2 Qf4+ 43. Kh1 Qf1+ 44. Kh2 Qf4+ 45. Kh1 1/2-1/2

[Event "ICS rated blitz match"]
[Site "204.178.125.65"]
[Date "2000.02.13"]
[Round "?"]
[White "Hossa"]
[Black "EvaMambo"]
[Result "1-0"]
[WhiteElo "2424"]
[BlackElo "2111"]
[PlyCount "37"]

1. e4 e5 2. Nf3 Nc6 3. Bb5 a6 4. Ba4 Bc5 5. Bxc6 dxc6 6. O-O Qe7 7. d3 h6 8.
Be3 Bd6 9. d4 exd4 10. Qxd4 Kf8 11. e5 Bb4 12. c3 Ba5 13. Qa4 Bb6 14. Bxb6 cxb6
15. Rd1 Be6 16. Qd4 h5 17. Qxb6 Nh6 18. Nd4 Bd7 19. Qxb7 1-0

[Event "ICS rated blitz match"]
[Site "204.178.125.65"]
[Date "2000.02.13"]
[Round "?"]
[White "EvaMambo"]
[Black "Hossa"]
[Result "0-1"]
[WhiteElo "2106"]
[BlackElo "2429"]
[PlyCount "60"]

1. e4 e5 2. Nf3 Nc6 3. Bc4 Nf6 4. d3 Be7 5. O-O O-O 6. Nc3 d6 7. h3 Na5 8. Be3
Nxc4 9. dxc4 Be6 10. Nd5 Nxe4 11. b3 c6 12. Nxe7+ Qxe7 13. Nh2 Bf5 14. Qf3 Bg6
15. Rad1 f5 16. Bc1 a5 17. Rfe1 a4 18. Ba3 axb3 19. Qxb3 Qh4 20. Re2 Bh5 21. f3
c5 22. Bb2 Ra7 23. g4 fxg4 24. Rxe4 Qg3+ 25. Kh1 gxf3 26. Rg1 Qxh3 27. Re3 Qh4
28. Qb6 f2 29. Rf1 Be8 30. Qxa7 Bc6+ 0-1

[Event "ICS rated standard match"]
[Site "204.178.125.65"]
[Date "2000.02.13"]
[Round "?"]
[White "Hossa"]
[Black "lwalter"]
[Result "1-0"]
[WhiteElo "2300"]
[BlackElo "2087"]
[PlyCount "91"]

1. e4 c5 2. Nf3 d6 3. d4 cxd4 4. Nxd4 Nf6 5. Nc3 a6 6. Bg5 e6 7. f4 Be7 8. Qf3
h6 9. Bh4 Qc7 10. O-O-O Nbd7 11. Bd3 g5 12. fxg5 Ne5 13. Qe2 Nfg4 14. Nf3 hxg5
15. Bxg5 Bxg5+ 16. Nxg5 Qc5 17. Nh3 b5 18. Qd2 Rb8 19. Be2 Rb6 20. Rdf1 Qe3 21.
Bxg4 Nxg4 22. Qxe3 Nxe3 23. Rf2 b4 24. Nd1 Ng4 25. Re2 Bb7 26. Ndf2 Ne5 27. Ng5
Rb5 28. Nf3 Nxf3 29. gxf3 Rbh5 30. h3 Ke7 31. Rg1 d5 32. e5 Rf5 33. Rg4 a5 34.
Re3 d4 35. Rxd4 Bxf3 36. a3 Bd5 37. Ng4 bxa3 38. Rxa3 Rf3 39. Rxa5 Rhxh3 40.
Ra7+ Kf8 41. Rd1 Rhg3 42. Nf6 Rf2 43. Rxd5 exd5 44. Ra8+ Kg7 45. Rg8+ Kh6 46.
Rxg3 1-0

[Event "ICS rated standard match"]
[Site "204.178.125.65"]
[Date "2000.02.13"]
[Round "?"]
[White "Hossa"]
[Black "gen98"]
[Result "1-0"]
[WhiteElo "2301"]
[BlackElo "1925"]
[PlyCount "39"]

1. e4 c5 2. Nf3 d6 3. d4 cxd4 4. Nxd4 Nf6 5. Nc3 g6 6. Be3 Bg7 7. f3 O-O 8. Qd2
Nc6 9. Bc4 Bd7 10. O-O-O Rc8 11. Bb3 Ne5 12. h4 h5 13. Bg5 Rc5 14. Kb1 b5 15.
g4 hxg4 16. h5 Nc4 17. Bxc4 bxc4 18. h6 Bh8 19. h7+ Nxh7 20. Qh2 1-0

[Event "ICS rated standard match"]
[Site "204.178.125.65"]
[Date "2000.02.13"]
[Round "?"]
[White "Estes"]
[Black "Hossa"]
[Result "0-1"]
[WhiteElo "2024"]
[BlackElo "2304"]
[PlyCount "82"]

1. f4 e5 2. e4 exf4 3. Be2 Qh4+ 4. Kf1 Nf6 5. Nf3 Qh6 6. Nc3 Bb4 7. d3 O-O 8.
e5 Bxc3 9. bxc3 Nd5 10. Bd2 Ne3+ 11. Bxe3 fxe3 12. d4 f6 13. Qd3 fxe5 14. dxe5
Nc6 15. Kg1 Kh8 16. Re1 Qf4 17. g3 Qf7 18. Qxe3 Qxa2 19. Qc5 Rf5 20. Kg2 Qxc2
21. Rhf1 b6 22. Qe3 Qb2 23. Kg1 Bb7 24. Bd3 Rff8 25. Qe4 g6 26. Ng5 Na5 27. Qe2
Qxc3 28. Nf7+ Kg8 29. Nh6+ Kg7 30. Ng4 Bf3 31. Rxf3 Rxf3 32. Be4 Rff8 33. Bxa8
Rxa8 34. Rd1 Qc5+ 35. Kh1 Qc6+ 36. Kg1 Nc4 37. Nf6 Qc5+ 38. Kh1 Nxe5 39. Nxd7
Qc6+ 40. Qg2 Qxg2+ 41. Kxg2 Rd8 0-1

[Event "ICS rated standard match"]
[Site "204.178.125.65"]
[Date "2000.02.13"]
[Round "?"]
[White "Hossa"]
[Black "Estes"]
[Result "1-0"]
[WhiteElo "2309"]
[BlackElo "2019"]
[PlyCount "49"]

1. e4 Nc6 2. d4 d5 3. Nc3 dxe4 4. d5 Ne5 5. Qd4 Ng6 6. Qxe4 Nf6 7. Qa4+ Bd7 8.
Bb5 a6 9. Bxd7+ Qxd7 10. Qxd7+ Kxd7 11. h4 h5 12. Be3 Ng4 13. Bg5 f6 14. Bd2
N6e5 15. f3 Nh6 16. Nge2 Nc4 17. Bf4 e5 18. dxe6+ Kxe6 19. O-O-O Bd6 20. Rhe1
Kf5 21. Bxd6 Nxd6 22. Nd5 Nc4 23. Rd4 Ke5 24. Nxc7 Rac8 25. Rd5# 1-0